Представление документа в формате RUSMARC

ПолеНазваниеЗначение
  Тип записи a
  Библиографический уровень m
001 Контрольный номер RU/SLIB/B/208735213
005 Дата корректировки 20250220113123.6
010 Индекс ISBN __
a ISBN 5-7567-0139-7
d Цена 133-20
101 Язык документа 0_
a Язык текста rus
c Язык оригинала rus
200 Заглавие и сведения об ответственности 1_
a Заглавие Международный туризм
e Сведения, относящиеся к заглавию учеб. пособие для студентов вузов
f Первые сведения об ответственности А. Ю. Александрова
b Общее обозначение материала Текст
210 Выходные данные 1_
a Место издания М.
c Издательство Аспект Пресс
d Дата издания 2001
215 Физическое описание __
a Объем 464 с.
330 Аннотация __
a Аннотация В учебнике совмещена теория и практика ведения туристского бизнеса.
606 Тематические рубрики __
a Основная рубрика Экономика
a Основная рубрика Экономика туризма
610 Ключевые слова 0_
a Ключевые слова туристская индустрия; турфирмы; туристический бизнес; спрос; предложение (экономика); глобализация; гостиничный бизнес; туризм; рыночная экономика
686 Индексы других классификаций __
a Классификационный индекс 65.433.8я73; ст65.3я73
700 Автор _1
a Фамилия Александрова
b Имя А. Ю.
4 Код отношения 070
801 Источник записи _0
a Страна RU
b Организация Муниципальное бюджетное учреждение культуры "Централизованная библиотечная система" г. Сургут (Центральная городская библиотека им. А. С. Пушкина)
g Правила каталогизации КиК/Тесленко
801 Источник записи _1
a Страна RU
b Организация Муниципальное бюджетное учреждение культуры "Централизованная библиотечная система" г. Сургут (Центральная городская библиотека им. А. С. Пушкина)
g Правила каталогизации КиК/Тесленко
852 Данные о местонахождении __
j Шифр хранения 65.433.8я73
c Каталожный индекс 65.433я73
i Авторский знак А 46
901 Тип документа __
t Тип документа m
903 Характеристики (МАРС) __
a Дата передачи 20030221
969 Тип издания __
a Тип издания учебное пособие
990 Данные о заказе (DOS) __
j Количество экземпляров (DOS) 4
t N записи в КСУ для И/У (DOS) 200303